1746 1727 1700 1404 1044 1701 1639 1646 1929 1620 1933 1564 1008 1845 1430 1239 1941 1913 1669 1928 1767 1541 1061 1115 1567 1706 1866 1121 1608 1030 1338 1212 1236 1919 1442 1618 1475 1614 1345 1527 1465 1412 1503 1204 1499 1148 1505 1115 1486 1646 1881 1136 1422 1893 1480 1680 1653 1274 1626 1267 1714 1963 1777 1960 1112 1190 1870 1349 1076 1059 1662 1501 1832 1472 1253 1582 1154 1185 1622 1193 1752 1728 1710 1914 1319 1342 1712 1297 1618 2000 1508 1839 1125 1594 1169 1480 1170 1542 1284 BCNSPRNW ULIB Ver.6.0+V

เปลี่ยนเป็นภาษาไทย

Change to English
 แสดงรายละเอียดบรรณานุกรม
  กลับหน้าหลัก

Brief Record : Get Marc (ISO 2709) : E-mail record : QR code < ปิดหน้าต่าง
LEADER : 00000nam 2200000uu 4500
001    13399125514
003     ULIB
008    170620s2559||||th 000 0 tha d
020    ^a9786169203575
060  0 ^aWO100^bศ334 ล.54
245 10 ^aศัลยศาสตร์วิวัฒน์ เล่ม 54 =^bDealing with colorectal diseases 2016/^cบรรณาธิการ,ต้น คงเป็นสุข...[และคนอื่นๆ].
250    ^aพิมพ์ครั้งที่ 1.
260    ^aกรุงเทพฯ:^bกรุงเทพเวชสาร,^c2559.
300    ^a491 หน้า.
650  7 ^aศัลยศาสตร์วิวัฒน์
700 0  ^aต้น คงเป็นสุข,^eบรรณาธิการ
945    ^p0^l0^i002334
945    ^p0^l0^i002335
945    ^p0^l0^i002336
999    ^aวรรณษา ชูชัยมงคล
รายการนี้ยังไม่มีแท็ก
คุณยังไม่ได้ล็อกอิน คุณสามารถมีกิจกรรมร่วมกับเว็บไซต์ได้ แต่ต้องล็อกอินก่อน ::
  ล็อกอิน

รายการสื่อสารสนเทศ

ลำดับที่ ประเภท เลขเรียก/บาร์โค้ด สถานที่ สถานะ
1. วิทยาศาสตร์การแพทย์ และสุขภาพ
วิทยาศาสตร์การแพทย์ และสุขภาพ
สถานะ=หนังสือเก่า
WO100 ศ334 ล.54 ฉ.1 
  Barcode: 002334
ห้องสมุดวิทยาเขตสวรรค์ประชารักษ์
►ส่วนจัดเก็บหนังสือเก่า สปร
บนชั้น
  ขอยืม
2. วิทยาศาสตร์การแพทย์ และสุขภาพ
วิทยาศาสตร์การแพทย์ และสุขภาพ
สถานะ=หนังสือเก่า
WO100 ศ334 ล.54 ฉ.2 
  Barcode: 002335
ห้องสมุดวิทยาเขตสวรรค์ประชารักษ์
►ส่วนจัดเก็บหนังสือเก่า สปร
บนชั้น
  ขอยืม
3. วิทยาศาสตร์การแพทย์ และสุขภาพ
วิทยาศาสตร์การแพทย์ และสุขภาพ
สถานะ=หนังสือเก่า
WO100 ศ334 ล.54 ฉ.3 
  Barcode: 002336
ห้องสมุดวิทยาเขตสวรรค์ประชารักษ์
►ส่วนจัดเก็บหนังสือเก่า สปร
บนชั้น
  ขอยืม

BibComment


ยังไม่เคยถูกคอมเมนท์

คอมเมนท์ทรัพยากรรายการนี้
  คอมเมนท์: ศัลยศาสตร์วิวัฒน..


 Copyright 2026. Bcnsprnw @Library